Statistics for 5th Grade Math Test

Click here to take the quiz!

General Stats

  • This quiz has been taken 3,259 times
    (3,172 since last reset)
  • The average score is 13 of 16

Answer Stats

QuestionAnswer% Correct
What is 3/9 in simplest form?1/3
98%
Mrs. Perkins makes study guides for her class of 21 students. She uses 252 sheets of paper. How many sheets of paper are in each study guide?12 Sheets
95%
Which percent equals 1/4?25%
94%
What is 92.53 ÷ 10?9.253
92%
Evan wants to measure the length of his room. Which unit of measure is appropriate to measure the length of his room?Meter
92%
What is the value of 12 - (3 + 5)?4
91%
What is the value of (w) in the equation 116 - (w) = 95?w = 21
90%
Which list is in order from least to greatest?1,010; 1,011; 1,100
89%
What is 3.8 × 10?38
87%
Each time John goes to the movies he spends $7.00. Which expression shows how much he spends after going to the movies (t) times?t x $7.00
85%
Which is the correct sum? 2.34 +1.7 = ___4.04
78%
What is the standard form of twenty-one and six hundred thirty-four thousandths?21.634
76%
In the expression 15 - (n), which value of (n) results in the largest answer?n = 0
75%
Which is a composite number?21
71%
53 × 24 How can the distributive property be used to solve this expression?(53 × 20) + (53 × 4)
70%
Which equation shows how to multiply 6 × 5 × 3 using the associative property?(6 × 5) × 3 = 6 × (5 × 3)
51%

Score Distribution

Percentile by Number Answered

Percent of People with Each Score

Your Score History

You have not taken this quiz since the last reset